Central Library || Chittagong University

Technical dictiuonary/ (Record no. 112407)

MARC details
000 -LEADER
fixed length control field 00415nam a22001697a 4500
003 - CONTROL NUMBER IDENTIFIER
control field BD-ChCU
005 - DATE AND TIME OF LATEST TRANSACTION
control field 20260426103412.0
008 - FIXED-LENGTH DATA ELEMENTS--GENERAL INFORMATION
fixed length control field 260426b bg ||||| |||| 00| 0 ben d
040 ## - CATALOGING SOURCE
Transcribing agency BD-ChCU
082 ## - DEWEY DECIMAL CLASSIFICATION NUMBER
Classification number REF 621.903
100 ## - MAIN ENTRY--PERSONAL NAME
Personal name VIKAS
9 (RLIN) 21892
245 ## - TITLE STATEMENT
Title Technical dictiuonary/
Statement of responsibility, etc. VIKAS
260 ## - PUBLICATION, DISTRIBUTION, ETC.
Place of publication, distribution, etc. New Delhi:
Name of publisher, distributor, etc. VIKAS
Date of publication, distribution, etc. 1982
300 ## - PHYSICAL DESCRIPTION
Extent 137p.
650 #0 - SUBJECT ADDED ENTRY--TOPICAL TERM
Topical term or geographic name entry element Tools-Dictionary
9 (RLIN) 21893
942 ## - ADDED ENTRY ELEMENTS (KOHA)
Source of classification or shelving scheme Dewey Decimal Classification
Koha item type Books
Suppress in OPAC No
Holdings
Withdrawn status Lost status Source of classification or shelving scheme Damaged status Not for loan Home library Current library Shelving location Date acquired Source of acquisition Total Checkouts Full call number Barcode Date last seen Copy number Price effective from Koha item type
    Dewey Decimal Classification     Chittagong University Library Chittagong University Library Reference 04/26/2026 purchase   REF 621.903 112207 04/26/2026 1 04/26/2026 Books
    Dewey Decimal Classification     Chittagong University Library Chittagong University Library Reference 04/26/2026 purchase   REF 621.903 112208 04/26/2026 2 04/26/2026 Books
    Dewey Decimal Classification     Chittagong University Library Chittagong University Library Reference 04/26/2026 purchase   REF 621.903 112210 04/26/2026 4 04/26/2026 Books
    Dewey Decimal Classification     Chittagong University Library Chittagong University Library Reference 04/26/2026 purchase   REF 621.903 112209 04/26/2026 3 04/26/2026 Books
    Dewey Decimal Classification     Chittagong University Library Chittagong University Library Reference 04/26/2026 purchase   REF 621.903 112462 04/26/2026 5 04/26/2026 Books
© Copyright 2026. Chittagong University Library, Installation and Maintenance by Prof. Dr. Md. Alamgir, 01711306253